Egy válságkommunikációs modell a helymarketingben

Elmentve itt :
Bibliográfiai részletek
Szerző: Garamhegyi Ábel
Dokumentumtípus: Cikk
Megjelent: SZTE Gazdaság- és Társadalomföldrajz Tanszék Szeged 2004
Sorozat:40 éves a Szegedi Tudományegyetem Gazdaság- és Társadalomföldrajz Tanszéke
Kulcsszavak:Vidékfejlesztés - Magyarország
Tárgyszavak:
Online Access:http://acta.bibl.u-szeged.hu/71698
LEADER 00839nab a2200205 i 4500
001 acta71698
005 20220502104424.0
008 210125s2004 hu o 0|| hun d
020 |a 963 460 378 5 
040 |a SZTE Egyetemi Kiadványok Repozitórium  |b hun 
041 |a hun 
100 1 |a Garamhegyi Ábel 
245 1 0 |a Egy válságkommunikációs modell a helymarketingben  |h [elektronikus dokumentum] /  |c  Garamhegyi Ábel 
260 |a SZTE Gazdaság- és Társadalomföldrajz Tanszék  |b Szeged  |c 2004 
300 |a 53-60 
490 0 |a 40 éves a Szegedi Tudományegyetem Gazdaság- és Társadalomföldrajz Tanszéke 
650 4 |a Társadalomtudományok 
650 4 |a Társadalom- és gazdaságföldrajz 
695 |a Vidékfejlesztés - Magyarország 
856 4 0 |u http://acta.bibl.u-szeged.hu/71698/1/40_eves_a_szte_gtt_053-060.pdf  |z Dokumentum-elérés